000
00367nam a2200169Ia 4500
003
IT-RoPAU
008
120407s9999 xx 000 0 und d
040
_a
IT-RoPAU
040
_c
IT-RoPAU
100
_a
Giovanni Rossi
245
_a
Le fonti della grazia
250
_a
Assisi
260
_a
Pro Civitate Christiana
300
_c
cm
490
_v
1
942
_c
BK
999
_c
9880
_d
9880